Poemas
Enregistré dans:
| Auteurs principaux: | , |
|---|---|
| Format: | Livre |
| Langue: | espagnol |
| Publié: |
La Serena
El Dia
1963
|
| Sujets: | |
| Tags: |
Ajouter un tag
Pas de tags, Soyez le premier à ajouter un tag!
|
MARC
| LEADER | 00000nam a2200000 a 4500 | ||
|---|---|---|---|
| 001 | UCU0756 | ||
| 003 | CL-VaPUC | ||
| 008 | 960329e19630000CL |||||||||||||||||spa|d | ||
| 082 | 0 | 4 | |a Ch861 |b SER |2 21 |
| 100 | 0 | |a Sergio Emilio |e author |9 356163 | |
| 700 | 0 | |a Bertolotto Norero, Sergio Emilio |e author |9 356164 | |
| 245 | 1 | 0 | |a Poemas |
| 300 | |a 68 p | ||
| 942 | |c BK | ||
| 945 | |d 19960329 00:00:00 |a rbrito | ||
| 260 | |a La Serena |b El Dia |c 1963 | ||
| 650 | 0 | |a Poesías chilenas |9 265280 | |
| 583 | |a last modification |c 19960329 00:00:00 |k Rodrigo Vera | ||
| 999 | |c 245568 |d 245566 | ||
| 952 | |0 0 |1 0 |4 0 |6 CH_861_000000000000000_SER_1963 |7 0 |8 A |9 260113 |a BIBEDU |b BIBEDU |d 2019-11-19 |i 3186644 |o Ch861 SER 1963 |p 3186644 |r 2019-11-19 |w 2019-11-19 |y BK |k LIT | ||